00341 a2200109 4500001001000000005001700010008004100027245005700068100002100125773006800146999001700214ART_1241420260410161906.0260409a 10aA remark on serial correlation in maximum likelihood1 aLevine, David M.0 tJournal of econometricsg- Vol. 23, NÂș 3 (dic. 1983)wREV11720 c26343d26343